[Event "POL-chT 2nd League"]
[Site "Jastrzebia Gora"]
[Date "2023.09.06"]
[Round "5.112"]
[White "Draganik, Grzegorz"]
[Black "Motyl, Tomasz"]
[Result "1/2-1/2"]
[WhiteElo "1858"]
[BlackElo "1787"]
[PlyCount "123"]
[EventDate "2023.09.02"]
[EventType "team-swiss"]
[EventRounds "9"]
[EventCountry "POL"]
[SourceTitle "EXT 2024"]
[Source "ChessBase"]
[SourceDate "2023.10.10"]
[SourceVersion "1"]
[SourceVersionDate "2023.10.10"]
[SourceQuality "1"]
[WhiteTeam "Pilzno GKSz Hetman"]
[BlackTeam "Olesnica Pogon"]
[WhiteTeamCountry "POL"]
[BlackTeamCountry "POL"]

1. e4 c6 2. Nf3 d5 3. d3 dxe4 4. dxe4 Qxd1+ 5. Kxd1 Bg4 6. Be2 Nd7 7. Nbd2 Ngf6 8. Ne1 e5 9. Bxg4 Nxg4 10. Ke2 h5 11. Nd3 Nc5 12. f3 Nxd3 13. cxd3 Nf6 14. Nc4 Nd7 15. Be3 b6 16. d4 exd4 17. Bxd4 0-0-0 18. g3 f6 19. Rac1 Nc5 20. Bxc5 Bxc5 21. Na5 Rd6 22. b4 bxa5 23. bxc5 Rd4 24. Rhd1 Rhd8 25. Rxd4 Rxd4 26. Rc3 Rb4 27. Rc2 Kb7 28. Ke3 Ka6 29. f4 Kb7 30. e5 Kc7 31. Rd2 Rb1 32. e6 Re1+ 33. Re2 Rb1 34. f5 Kd8 35. Rd2+ Ke8 36. Rd7 Re1+ 37. Kd3 Re5 38. Rxg7 Rxf5 39. Rxa7 Rxc5 40. Rf7 Re5 41. Rxf6 Ke7 42. Rh6 Kd6 43. e7+ Kxe7 44. Rxc6 Kf7 45. a4 Rd5+ 46. Ke3 Re5+ 47. Kf4 Rd5 48. Ke4 Rd2 49. h3 Ra2 50. Kf5 Ra3 51. Rc7+ Kg8 52. Kf4 h4 53. gxh4 Rxa4+ 54. Kg5 Ra3 55. Ra7 Rxh3 56. Rxa5 Rb3 57. Ra6 Rb8 58. Kg6 Rc8 59. h5 Rb8 60. h6 Kh8 61. Re6 Ra8 62. Kf6 1/2-1/2

[Event "POL-chT 2nd League"]
[Site "Jastrzebia Gora"]
[Date "2023.09.03"]
[Round "2.46"]
[White "Kicinski, Jacek"]
[Black "Draganik, Grzegorz"]
[Result "1-0"]
[WhiteElo "1929"]
[BlackElo "1858"]
[PlyCount "36"]
[EventDate "2023.09.02"]
[EventType "team-swiss"]
[EventRounds "9"]
[EventCountry "POL"]
[SourceTitle "EXT 2024"]
[Source "ChessBase"]
[SourceDate "2023.10.10"]
[SourceVersion "1"]
[SourceVersionDate "2023.10.10"]
[SourceQuality "1"]
[WhiteTeam "Grodzisk Szachowa Dwojka"]
[BlackTeam "Pilzno GKSz Hetman"]
[WhiteTeamCountry "POL"]
[BlackTeamCountry "POL"]

1. d4 Nf6 2. Nf3 e6 3. Bg5 h6 4. Bxf6 Qxf6 5. e4 d6 6. Bd3 g6 7. Nbd2 Bg7 8. e5 Qe7 9. 0-0 0-0 10. Qe2 Nd7 11. c3 dxe5 12. Nxe5 Nxe5 13. dxe5 Rd8 14. Rad1 Bxe5 15. Qxe5 Rxd3 16. Ne4 Rxd1 17. Nf6+ Kf8 18. Rxd1 a5 1-0

[Event "POL-chT 2nd League"]
[Site "Ustron"]
[Date "2008.09.10"]
[Round "4.45"]
[White "Kolago, Marcin"]
[Black "Draganik, Grzegorz"]
[Result "1-0"]
[WhiteElo "2340"]
[BlackElo "1870"]
[PlyCount "57"]
[EventDate "2008.09.06"]
[EventType "team-swiss"]
[EventRounds "9"]
[EventCountry "POL"]
[SourceTitle "EXT 2015"]
[Source "ChessBase"]
[SourceDate "2014.11.20"]
[SourceVersion "1"]
[SourceVersionDate "2014.11.20"]
[SourceQuality "1"]
[WhiteTeam "Pawlowice GKS Pniowek 74"]
[BlackTeam "Pilzno GKSz Hetman"]
[WhiteTeamCountry "POL"]
[BlackTeamCountry "POL"]

1. e4 c6 2. Nc3 d5 3. Nf3 Bg4 4. h3 Bh5 5. exd5 cxd5 6. Bb5+ Nc6 7. g4 Bg6 8. Ne5 Qd6 9. d4 Rc8 10. Bf4 Qe6 11. Na4 a6 12. Nc5 Qf6 13. Bxc6+ bxc6 14. Qd2 Bxc2 15. Rc1 Be4 16. Rh2 h6 17. Ned7 Qg6 18. Qa5 e5 19. Qxa6 Ne7 20. Nxe5 Qf6 21. Bg3 g5 22. Qb7 Rd8 23. Ned7 Qg6 24. Bc7 Rc8 25. Nb6 Rxc7 26. Qb8+ Rc8 27. Nxc8 Nxc8 28. Qxc8+ Ke7 29. Qc7+ 1-0